The Encyclopedia of Islam (Record no. 19680)

MARC details
000 -LEADER
fixed length control field 00343nam a22001457a 4500
020 ## - INTERNATIONAL STANDARD BOOK NUMBER
ISBN 900457455
082 ## - DEWEY DECIMAL CLASSIFICATION NUMBER
Classification number 297.03 BRI Vol.IV ( IRAN-KHA)
100 ## - MAIN ENTRY--AUTHOR NAME
Author name Brill E.J
245 ## - TITLE STATEMENT
Title The Encyclopedia of Islam
250 ## - EDITION STATEMENT
Edition statement New Edition
260 ## - PUBLICATION, DISTRIBUTION, ETC. (IMPRINT)
Place of publication London
Name of publisher E.J Brill
Year of publication 1978
300 ## - PHYSICAL DESCRIPTION
Number of Pages 1188
650 ## - SUBJECT ADDED ENTRY--TOPICAL TERM
Topical Term Encyclopedia - Islam
942 ## - ADDED ENTRY ELEMENTS (KOHA)
Koha item type Books

No items available.

                   Copyright © 2026 | Henry Martyn Institute | Hyderabad | TS-500052 | INDIA | Implemented by hmi.edu.in
Hit-Count:

Powered by Koha